• 首页
  • 本馆介绍
  • 公告通知
  • 最新文献
  • 馆藏检索
  • 电子资源
  • 读者导购
  • 参考咨询
  • 我的图书馆
  • 登录
  • 详细信息显示
  • 放入我的书架
  • 预约/预借图书
  • 作者相关作品
  • 分类相关作品
  • 丛书相关作品
  • 出版社相关作品

书目信息

  • 表格格式
  • 工作单格式
  • 卡片格式
题名:
铁线莲200彩色图鉴
    
 
作者: 玛格丽特 著
分册:  
出版信息: 北京   中国林业出版社  2015
页数: 256页
开本: 17cm
丛书名: 花园植物系列
单 册:
中图分类: S687.3
科图分类:
主题词: 攀缘植物--观赏园艺--图解
电子资源:
ISBN: 978-7-5038-7955-5
000 00986nam0 2200265 450
001 012015000158
005 20151130095656.50
010    @a978-7-5038-7955-5@dCNY39.00
100    @a20150712d2015 em y0chiy50 ea
101 0  @achi
102    @aCN@b110000
105    @aa z 001yy
106    @ar
200 1  @a铁线莲200彩色图鉴@Atie xian lian 200 cai se tu jian@d200 of cream clematis illustrations@f玛格丽特著@zeng
210    @a北京@c中国林业出版社@d2015
215    @a256页@d17cm
225 2  @a花园植物系列
330    @a本书以色系为序,收录了200个铁线莲品种的图片。书中配以简要文字介绍,涉及品种属性、花型、花期、栽培养护及观赏季节等内容,关于铁线莲的品种介绍和病虫害防治也有专章讲述。书后附有中文和英文索引。
410  0 @12001 @a花园植物系列
510 1  @a200 of cream clematis illustrations@zeng
606 0  @a攀缘植物@x观赏园艺@j图解
690    @aS687.3@v5
701  0 @a玛格丽特@Ama ge li te@c(女)@4著
801  0 @aCN@b碧洲教育@c20151127
905    @a10447@f4@dS687.3@e405
    
    铁线莲200彩色图鉴=200 of cream clematis illustrations/玛格丽特著.-北京:中国林业出版社,2015
    256页;17cm.-(花园植物系列)
    
    
    ISBN 978-7-5038-7955-5:CNY39.00
    本书以色系为序,收录了200个铁线莲品种的图片。书中配以简要文字介绍,涉及品种属性、花型、花期、栽培养护及观赏季节等内容,关于铁线莲的品种介绍和病虫害防治也有专章讲述。书后附有中文和英文索引。
●
相关链接 在E读中查询图书 在五车中查询图书 在当当中查询图书 在豆瓣中查询图书


正题名:铁线莲200彩色图鉴     索取号:S687.3/405         预约/预借

序号 登录号 条形码 馆藏地/架位号 状态 备注
1 0871923   208719234   第二样本阅览室/ [索取号:S687.3/405] 在馆    
2 0871924   208719243   第三借阅区/ [索取号:S687.3/405] 在馆    
3 0871925   208719252   第三借阅区/ [索取号:S687.3/405] 在馆    
4 0871926   208719261   第三借阅区/ [索取号:S687.3/405] 在馆    
唐山师范学院图书馆 欢迎您!
大连网信软件有限公司© 版权所有